| 000 | 01955 a2200217 4500 | ||
|---|---|---|---|
| 001 | 28166 | ||
| 005 | 20260407155554.0 | ||
| 008 | 260407a1972 arg spa d | ||
| 003 | AR-UNSa-BCEJYS | ||
| 040 |
_aAR-UNSa-BCEJYS _bspa _cAR-UNSa-BCEJYS |
||
| 080 |
_a657 _xContabilidad |
||
| 245 | 1 | 0 |
_aCurso de contabilidad _pintroducción |
| 250 | _a3a. ed | ||
| 264 | 1 |
_aMéxico : _bUnión Tipográfica Editorial Hispano-Americana (UTEHA) _c1972 |
|
| 300 |
_a2v.(790; 474 p.) _c23 cm. |
||
| 505 | _aVol I: 1. Activo, pasivo y capital - 2. Procedimientos básicos de la contabilidad - 3. Cambios en el capital. Cierre de libros - 4. Ajustes por gastos e ingresos acumulados. Hojas de trabajo - 5. Ajustes por ingresos y gastos diferidos. Hojas de trabajo - 6. Operaciones con mercancías - 7. Organización de los estados y del mayor - 8. Utiles técnicas de contabilidad - 9. Formas legales de organización mercantil - 10. Formas legales de organización mercantil (concluye) - 11. Efectivo e inversiones - 12. Cuentas y documentos por cobrar - 13. Contabilidad de inventarios - 14. Activo fijo - 15. Pasivo - 16. Principios de contabilidad - 17. Operaciones de manufactura - 18. Contabilidad de costos - 19. Datos de los costos y necesidades de la administración - 20. Análisis de los datos financieros - 21. Cambios en el nivel de precios y estados complementarios - 22. Estado de origen y aplicación de fondos - 23. Estados del flujo de efectivo y pronóstico del efectivo - 24. Operaciones departamentales y de sucursales - 25. Estados consolidados - 26. Control presupuestal y planeación de resultados - 27. La información contable como instrumento de la administración - 28. Importancia de tomar en consideración los efectos del impuesto sobre la renta - Vol. II: Respuestas a las preguntas y soluciones a los problemas | ||
| 942 | _cBK | ||
| 590 | _aniveau_biblio:m niveau_hierar:0 | ||
| 100 | 1 | _aFinney, H.A. | |
| 700 | 1 | _aMiller, Herbert E. | |
| 999 |
_c1664 _d1664 |
||